|
|
|
|
| LEADER |
01719nam a2200361 a 4500 |
| 001 |
16442574 |
| 008 |
110111s2008 caua 001 0 eng d |
| 010 |
|
|
|a 2010459411
|
| 020 |
|
|
|a 9788184045888
|
| 020 |
|
|
|a 8184045883
|
| 020 |
|
|
|a 9781890774509 (pbk.)
|
| 020 |
|
|
|a 1890774502 (pbk.)
|
| 040 |
|
|
|a UKM
|c UKM
|d BTCTA
|d BAKER
|d CDX
|d QBX
|d ORX
|d YDXCP
|d CDN
|d Z87
|d DLC
|d BD-DhAAL
|
| 042 |
|
|
|a lccopycat
|
| 082 |
0 |
4 |
|a 005.7575
|2 22
|
| 100 |
1 |
|
|a Murach, Joel
|
| 245 |
0 |
0 |
|a Murach's Oracle SQL & PL/SQL:
|b works with all versions through 11g /
|c Joel Murach.
|
| 246 |
3 |
0 |
|a Oracle SQL & PL/SQL
|
| 246 |
1 |
8 |
|a Oracle SQL
|
| 260 |
|
|
|a Fresno, Calif. :
|b Mike Murach ;
|a Lancaster :
|b Gazelle [distributor],
|c 2008.
|
| 300 |
|
|
|a xviii, 627 p. :
|b ill. ;
|c 26 cm.
|
| 490 |
0 |
|
|a Training & reference
|
| 500 |
|
|
|a Includes index.
|
| 500 |
|
|
|a "Works with all versions through 11g."
|
| 505 |
0 |
|
|a An introduction to SQL -- The essential SQL skills -- Database design and implementation - The essential PL/SQL skills -- Advanced data types
|
| 520 |
|
|
|a If you are developing applications that access Oracle databases, you can save time and work by having SQL do more of the data handling for you - this book shows you how. It teaches you how to create effective SQL queries to extract and update the data in an Oracle database.
|
| 541 |
1 |
|
|e 00021734
|
| 630 |
0 |
0 |
|a Oracle (Computer file)
|
| 650 |
|
0 |
|a SQL (Computer program language)
|
| 650 |
|
0 |
|a PL/SQL (Computer program language)
|
| 852 |
|
|
|a Ayesha Abed library
|c General Shelf.
|
| 999 |
|
|
|c 10324
|d 10324
|
| 952 |
|
|
|0 0
|1 0
|2 ddc
|4 0
|6 005_757500000000000_MUR
|7 0
|9 13913
|a BRACUL
|b BRACUL
|c GEN
|d 2011-01-16
|l 7
|m 38
|o 005.7575 MUR
|p 3010021734
|r 2026-02-17
|s 2025-10-12
|t 1
|w 2011-01-16
|y BK
|